Champions League Topscorer 1994/95 - Statistiken

Allgemein
  • Dieses Quiz wurde 8 mal gespielt
  • Das Durchschnittsergebnis liegt bei 4 aus 11
Antwortstatistiken
Rang Nation Verein Tore Antwort % Korrekt
1 Liberia Paris Saint-Germain 7 George Weah
100%
2 Finnland Ajax 6 Jari Litmanen
100%
5 Bulgarien Barcelona 3 Hristo Stoichkov
88%
5 Deutschland Bayern München 3 Mehmet Scholl
88%
5 Brasilien Barcelona 3 Romario
63%
5 Spanien Barcelona 3 Bakero
0%
5 Deutschland Bayern München 3 Christian Nerlinger
0%
5 Argentinien Benfica 3 Claudio Caniggia
0%
3 Schweden Göteborg 4 Magnus Erlingsmark
0%
3 Italien AC Milan 4 Marco Simone
0%
5 Ukraine Dynamo Kiev 3 Viktor Leonenko
0%
Keine übereinstimmenden Quizze gefunden
Verteilung der Resultate
Anzahl Personen mit jedem Resultat
Perzentil nach korrekt beantworteten Fragen
Ihre Resultats-Entwicklung
Sie haben dieses Quiz noch nicht gespielt